书目信息 |
| 题名: |
基于放心食品理念的农业园区规划研究
|
|
| 作者: | 卢布 著 | |
| 分册: | ||
| 出版信息: | 北京 中国农业科学技术出版社 2017.01 |
|
| 页数: | 267页 | |
| 开本: | 21cm | |
| 丛书名: | ||
| 单 册: | ||
| 中图分类: | F323.4 , F32 | |
| 科图分类: | ||
| 主题词: | 农业园区--规划--中国 | |
| 电子资源: | ||
| ISBN: | 978-7-5116-1819-1 | |
| 000 | 00802nam0 2200229 450 | |
| 001 | 944 | |
| 005 | 20180926170843.67 | |
| 010 | @a978-7-5116-1819-1@dCNY30.00 | |
| 100 | @a20170328d2017 em y0chiy50 ea | |
| 101 | 0 | @achi |
| 102 | @aCN@b110000 | |
| 105 | @aab z 000yy | |
| 200 | 1 | @a基于放心食品理念的农业园区规划研究@9ji yu fang xin shi pin li nian de nong ye yuan qu gui hua yan jiu@e以枣阳、交口规划为例@f卢布等著 |
| 210 | @a北京@c中国农业科学技术出版社@d2017.01 | |
| 215 | @a267页@c图,地图@d21cm | |
| 330 | @a本书从概念、步骤、内容、方法等几个方面介绍了有关农业规划的知识以及如何编写农业规划,编写农业规划的最终目的。 | |
| 606 | 0 | @a农业园区@x规划@y中国 |
| 690 | @aF323.4@v5 | |
| 690 | @aF32@v4 | |
| 701 | 0 | @a卢布@9lu bu@4著 |
| 801 | 0 | @aCN@b91MARC@c20170328 |
| 905 | @aMuseLib@dF32@e188 | |
| 基于放心食品理念的农业园区规划研究:以枣阳、交口规划为例/卢布等著.-北京:中国农业科学技术出版社,2017.01 |
| 267页:图,地图;21cm |
| ISBN 978-7-5116-1819-1:CNY30.00 |
| 本书从概念、步骤、内容、方法等几个方面介绍了有关农业规划的知识以及如何编写农业规划,编写农业规划的最终目的。 |
| ● |
| 相关链接 |
|
|
|
|
正题名:基于放心食品理念的农业园区规划研究
索取号:F32/188
 
预约/预借
| 序号 | 登录号 | 条形码 | 馆藏地/架位号 | 状态 | 备注 |
| 1 | 1120439 | 211204392 | 第一样本阅览室/ [索取号:F32/188] | 在馆 | |
| 2 | 1120440 | 211204409 | 第一借阅区/ [索取号:F32/188] | 在馆 | |
| 3 | 1120441 | 211204418 | 第一借阅区/ [索取号:F32/188] | 在馆 | |
| 4 | 1120442 | 211204427 | 第一借阅区/ [索取号:F32/188] | 在馆 | |
| 5 | 1120443 | 211204436 | 密集书库-生命科学系/ [索取号:F32/188] | 在馆 |